Priestor na výrobu biopalív z domácich obnoviteľných zdrojov v kontexte smernice EU

Salvato in:
Dettagli Bibliografici
Autore principale: Cvengroš, J.
Altri autori: Mikulec, Jozef, Romančíková, Eva
Natura: Capitolo di libro
Lingua:slovacco
Tags: Aggiungi Tag
Nessun Tag, puoi essere il primo ad aggiungerne!!

MARC

LEADER 00000nla$a2200000$$$4500
001 0063190
005 20240502071726.0
041 0 |a slo 
044 |a SK 
245 1 0 |a Priestor na výrobu biopalív z domácich obnoviteľných zdrojov v kontexte smernice EU  |c Ján Cvengroš, Jozef Mikulec, Eva Romančíková 
100 1 |a Cvengroš, J. 
700 1 |a Mikulec, Jozef 
700 1 |a Romančíková, Eva